El retorno a la escuela discriminatoria (Record no. 67081)

MARC details
000 -LEADER
campo de control de longitud fija 00760nam a2200217 i 4500
001 - NÚMERO DE CONTROL
campo de control 67081
003 - IDENTIFICADOR DE NÚMERO DE CONTROL
campo de control ES-MaACL
005 - FECHA Y HORA DE LA ÚLTIMA TRANSACCIÓN
campo de control 20240305180122.0
007 - CAMPO FIJO DE DESCRIPCIÓN FÍSICA--INFORMACIÓN GENERAL
campo de control de longitud fija t|
008 - DATOS DE LONGITUD FIJA--INFORMACIÓN GENERAL
campo de control de longitud fija 040504s2002 sp |||| | spa d
080 ## - NÚMERO DE LA CLASIFICACIÓN DECIMAL UNIVERSAL
Número de la Clasificación Decimal Universal 37(460)
080 ## - NÚMERO DE LA CLASIFICACIÓN DECIMAL UNIVERSAL
Número de la Clasificación Decimal Universal 373(460)
100 1# - ENTRADA PRINCIPAL--NOMBRE DE PERSONA
Nombre de persona Gómez Llorente, Luis.
9 (RLIN) 58013
245 13 - MENCIÓN DEL TÍTULO
Título El retorno a la escuela discriminatoria
Resto del título : análisis de un proyecto elitista, autoritario, clerical, privatizador /
Mención de responsabilidad, etc. Luis Gómez Llorente.
260 ## - PUBLICACIÓN, DISTRIBUCIÓN, ETC.
Lugar de publicación, distribución, etc. Madrid :
Nombre del editor, distribuidor, etc. Federación de mRp de Madrid,
Fecha de publicación, distribución, etc. [2002]
300 ## - DESCRIPCIÓN FÍSICA
Extensión 39 p. ;
Dimensiones 30 cm.
650 #7 - PUNTO DE ACCESO ADICIONAL DE MATERIA--TÉRMINO DE MATERIA
Término de materia o nombre geográfico como elemento de entrada Enseñanza-
Subdivisión geográfica España-
Subdivisión cronológica S.XX
Fuente del encabezamiento o término
9 (RLIN) 139558
710 2# - ENTRADA AGREGADA--NOMBRE DE ENTIDAD CORPORATIVA
Nombre de entidad corporativa o nombre de jurisdicción como elemento de entrada Federación de Movimientos de Renovación Pedagógica (Madrid)
9 (RLIN) 155564
852 ## - LOCALIZACIÓN
Ubicación ES-MaACL
Número de control de estantería 2166-F-22
Holdings
Estatus retirado Estado de pérdida Estado de daño No para préstamo Colección Biblioteca de origen Biblioteca actual Ubicación en estantería Fecha de adquisición Fuente de adquisición Total de préstamos Signatura topográfica completa Código de barras Visto por última vez Precio de reemplazo Tipo de ítem Koha
        Colección de folletos Biblioteca del Ateneo de Madrid Biblioteca del Ateneo de Madrid Depósito folletos 17/01/2008     2166-F-22 1070256 23/02/2023 23/02/2023 Folleto